[Event "Tirol-ch"]
[White "Holzner, Anton"]
[Black "Ranner, Stefan"]
[Site "Jenbach"]
[Round "6"]
[Result "0-1"]
[Date "2013.06.08"]
[WhiteElo "1370"]
[BlackElo "1795"]
[PlyCount "66"]
[EventDate "2013.05.30"]
[EventType "swiss"]
[EventRounds "7"]
[EventCountry "AUT"]
[SourceTitle "EXT 2015"]
[Source "ChessBase"]
[SourceDate "2014.11.20"]
[SourceVersion "1"]
[SourceVersionDate "2014.11.20"]
[SourceQuality "1"]

1. e4 c5 2. Nf3 Nc6 3. d4 cxd4 4. Nxd4 g6 5. Be3 Bg7 6. Be2 Nf6 7. Nc3 0-0 8. 0-0 d5 9. Nxc6 bxc6 10. f3 e5 11. Bg5 Qb6+ 12. Kh1 Qxb2 13. Qd2 d4 14. Nd1 Qxa1 15. c3 Be6 16. c4 Rab8 17. Kg1 Qb1 18. f4 Nxe4 19. Qa5 Nxg5 20. fxg5 Qb4 21. Qxa7 Bxc4 22. Bxc4 Qxc4 23. Nf2 d3 24. Qe3 Rfd8 25. Qf3 Rb4 26. a3 Ra4 27. Kh1 e4 28. Nxe4 Qxe4 29. Qxf7+ Kh8 30. Qb3 Rad4 31. h3 d2 32. Kh2 d1Q 33. Rxd1 Rxd1 0-1